[Event "Box Hill FIDE"]
[Site "Melbourne"]
[Date "2007.04.17"]
[Round "1"]
[White "Beattie, Roger"]
[Black "Fitzpatrick, Andrew"]
[Result "0-1"]
[WhiteElo "1876"]
[BlackElo "2052"]
[PlyCount "104"]
[EventDate "2007.04.??"]
[EventType "tourn"]
[SourceDate "2007.04.29"]

1. d4 Nf6 2. e3 e6 3. Bd3 c5 4. c3 Nc6 5. f4 b6 6. Nf3 Bb7 7. O-O Be7 8. Nbd2
cxd4 9. exd4 Nd5 10. Ne4 f5 11. Neg5 O-O 12. Qe2 Bxg5 13. Nxg5 Qe8 14. Bd2 Nf6
15. Rae1 h6 16. Nf3 Ne7 17. Ne5 Ne4 18. Be3 Kh8 19. Nc4 Ng6 20. Bxe4 Bxe4 21.
Nd6 Qe7 22. Nxe4 fxe4 23. Qh5 Qf7 24. g4 Ne7 25. Qh3 d5 26. Rf2 h5 27. Ref1 Kg8
28. Rg2 hxg4 29. Rxg4 Nf5 30. Kh1 Qf6 31. Rfg1 Kf7 32. Qh5+ Ke7 33. Qh7 Rad8
34. Rg6 Rh8 35. Qxh8 Rxh8 36. Rxf6 Kxf6 37. Bf2 Rh3 38. Bg3 Nxg3+ 39. Rxg3 Rxg3
40. hxg3 Kf5 41. Kg2 Kg4 42. Kf2 b5 43. b3 a6 44. a3 a5 45. Ke3 Kxg3 46. c4
dxc4 47. bxc4 bxc4 48. f5 exf5 49. d5 f4+ 50. Kxe4 f3 51. d6 f2 52. d7 f1=Q 0-1

[Event "Box Hill FIDE"]
[Site "Melbourne"]
[Date "2007.04.17"]
[Round "1"]
[White "Bekker, Gary"]
[Black "Tionko, Efrain"]
[Result "1/2-1/2"]
[WhiteElo "1904"]
[BlackElo "1587"]
[PlyCount "119"]
[EventDate "2007.04.??"]
[EventType "tourn"]
[SourceDate "2007.04.29"]

1. d4 Nf6 2. c4 g6 3. Nc3 Bg7 4. e4 d6 5. Be2 O-O 6. Nf3 e5 7. O-O Qe8 8. d5 a5
9. Ne1 Na6 10. Nd3 Nd7 11. Bd2 Nac5 12. Qc2 f5 13. f3 f4 14. b3 g5 15. Nf2 Nf6
16. a3 Qg6 17. h3 Nh5 18. b4 Na6 19. Na4 Ng3 20. Rfe1 axb4 21. axb4 h5 22. Bd1
Nb8 23. c5 dxc5 24. bxc5 Rf7 25. Qb2 Kh7 26. Bc3 Nd7 27. Nd3 Re7 28. Bb4 Re8
29. Bc3 Re7 30. Ra3 b5 31. cxb6 cxb6 32. Qb4 Bf8 33. Qb2 Bg7 34. Ra1 b5 35.
Qxb5 Ba6 36. Qb1 Bxd3 37. Qxd3 h4 38. Bc2 Nb6 39. Reb1 Nxa4 40. Rxa4 Rc8 41.
Ra6 Rxc3 42. Rxg6 Rxd3 43. Rxg7+ Kxg7 44. Bxd3 Nh5 45. Ba6 Nf6 46. Rb7 Rxb7 47.
Bxb7 Kf7 48. Bc6 Ke7 49. Kf2 Kd6 50. Ke2 Nh5 51. Kd2 Ng3 52. Bb5 Nh5 53. Kc3
Kc5 54. Bd3 Nf6 55. Ba6 Ne8 56. Be2 Nd6 57. Ba6 Ne8 58. Bf1 Nd6 59. Be2 Nc8 60.
Bc4 1/2-1/2

[Event "Box Hill FIDE"]
[Site "Melbourne"]
[Date "2007.04.17"]
[Round "1"]
[White "Chmiel, Rad"]
[Black "Ivanov, Nikola"]
[Result "1-0"]
[WhiteElo "1703"]
[BlackElo "1510"]
[PlyCount "83"]
[EventDate "2007.04.??"]
[EventType "tourn"]
[SourceDate "2007.04.29"]

1. Nf3 Nc6 2. d4 d5 3. c4 Nf6 4. Nc3 e6 5. Bf4 Bb4 6. Rc1 Ne4 7. e3 b6 8. cxd5
Bxc3+ 9. bxc3 exd5 10. Bb5 Bd7 11. c4 Na5 12. Bxd7+ Qxd7 13. cxd5 Qxd5 14. Rxc7
Qxa2 15. O-O O-O 16. Qd3 Rfe8 17. Ne5 Nd6 18. Nf3 Ne4 19. Be5 Qd5 20. Rfc1 h6
21. h3 Ng5 22. Nxg5 hxg5 23. Qf5 Qe6 24. Qxg5 Qh6 25. Qg4 Re6 26. Qf3 Rf8 27.
Rxa7 Nb3 28. Rcc7 Qg6 29. Qd1 Na5 30. Bg3 Qe4 31. d5 Rg6 32. d6 Nc6 33. Ra4 Nb4
34. Qb3 Rxg3 35. fxg3 Qe5 36. Qxb4 Qxg3 37. Qf4 Qe1+ 38. Kh2 Qd1 39. Raa7 Qd5
40. e4 Qe6 41. Re7 Qc8 42. Rxf7 1-0

[Event "Box Hill FIDE"]
[Site "Melbourne"]
[Date "2007.04.17"]
[Round "1"]
[White "Akverdi, Alp"]
[Black "Lawson, Shane"]
[Result "0-1"]
[WhiteElo "1304"]
[BlackElo "1678"]
[PlyCount "54"]
[EventDate "2007.04.??"]
[EventType "tourn"]
[SourceDate "2007.04.29"]

1. e4 d5 2. exd5 Nf6 3. Bc4 Nxd5 4. Qf3 e6 5. Bxd5 exd5 6. Qe3+ Be6 7. d4 Be7
8. Nf3 h6 9. Nc3 Nd7 10. Ne5 c6 11. Nxd7 Qxd7 12. Qg3 O-O-O 13. O-O g5 14. Na4
b6 15. Qb3 h5 16. Bd2 h4 17. h3 g4 18. hxg4 Bxg4 19. Ba5 bxa5 20. Nc5 Bxc5 21.
dxc5 Rdg8 22. Qd3 Bh3 23. Qa6+ Kb8 24. g3 Bxf1 25. Qxf1 hxg3 26. fxg3 Rxg3+ 27.
Kf2 Qg4 0-1

[Event "Box Hill FIDE"]
[Site "Melbourne"]
[Date "2007.04.24"]
[Round "2"]
[White "Ivanov, Nikola"]
[Black "Lawson, Shane"]
[Result "0-1"]
[WhiteElo "1510"]
[BlackElo "1678"]
[PlyCount "118"]
[EventDate "2007.04.??"]
[EventType "tourn"]
[SourceDate "2007.04.29"]

1. f4 d5 2. Nf3 Nf6 3. e3 Bg4 4. Be2 Nbd7 5. O-O e6 6. b3 Bd6 7. Bb2 c6 8. d3
Qc7 9. Bxf6 gxf6 10. Nh4 Bxe2 11. Qxe2 O-O-O 12. Nf3 f5 13. d4 Rdg8 14. Nbd2
Rg7 15. c4 dxc4 16. Nxc4 Be7 17. Rac1 Rhg8 18. g3 Nf6 19. Rf2 Ne4 20. Rg2 h5
21. Nfd2 Nxd2 22. Nxd2 h4 23. Kf2 hxg3+ 24. hxg3 Qd8 25. Nf3 Qd5 26. Rh1 Bf6
27. Rc1 Be7 28. Qc2 Kb8 29. Qc4 Qd8 30. a4 Qb6 31. Ne5 Qc7 32. b4 f6 33. Nd3
Qd7 34. a5 Rd8 35. a6 Qd5 36. axb7 Qxc4 37. Rxc4 Kxb7 38. Nc5+ Bxc5 39. Rxc5
Rd5 40. Kf3 Rxc5 41. dxc5 Ka6 42. Rd2 Kb5 43. Rd6 Re7 44. e4 fxe4+ 45. Kxe4 a5
46. f5 exf5+ 47. Kxf5 axb4 48. Kxf6 Re3 49. g4 Kxc5 50. Rd1 b3 51. g5 Rg3 52.
g6 Kb4 53. g7 c5 54. Rd8 c4 55. g8=Q Rxg8 56. Rxg8 c3 57. Rb8+ Ka3 58. Ke5 c2
59. Rc8 Kb2 0-1

[Event "Box Hill FIDE"]
[Site "Melbourne"]
[Date "2007.04.24"]
[Round "2"]
[White "Tionko, Efrain"]
[Black "Akverdi, Alp"]
[Result "1-0"]
[WhiteElo "1587"]
[BlackElo "1304"]
[PlyCount "67"]
[EventDate "2007.04.??"]
[EventType "tourn"]
[SourceDate "2007.04.29"]

1. e4 d6 2. d4 e6 3. Nc3 Nf6 4. Be3 Nc6 5. Bb5 Bd7 6. Nf3 a6 7. Bxc6 Bxc6 8. d5
exd5 9. exd5 Bd7 10. O-O Bg4 11. h3 Bxf3 12. Qxf3 h6 13. Bd4 Be7 14. Bxf6 gxf6
15. Rfe1 Qd7 16. Re4 O-O-O 17. Qe3 c6 18. Rxe7 Rde8 19. Rxd7 Rxe3 20. Rxf7 Re5
21. Rxf6 Kc7 22. dxc6 bxc6 23. Rd1 d5 24. Kf1 h5 25. b4 h4 26. Re1 Rg5 27. Ree6
Rhg8 28. Rxc6+ Kd7 29. Rxa6 Ke7 30. Rfb6 Rd8 31. Rb7+ Ke8 32. Rh6 Rg8 33. Rxh4
d4 34. Rhh7 1-0

[Event "Box Hill FIDE"]
[Site "Melbourne"]
[Date "2007.04.24"]
[Round "2"]
[White "Fitzpatrick, Andrew"]
[Black "Bekker, Gary"]
[Result "1-0"]
[WhiteElo "2052"]
[BlackElo "1904"]
[PlyCount "45"]
[EventDate "2007.04.??"]
[EventType "tourn"]
[SourceDate "2007.04.29"]

1. e4 e5 2. Nc3 Nf6 3. Bc4 Bc5 4. d3 Nc6 5. f4 d6 6. f5 Na5 7. Bg5 h6 8. Bh4
Nxc4 9. dxc4 c6 10. Bxf6 Qxf6 11. Nf3 O-O 12. Qd2 a6 13. Na4 Ba7 14. O-O-O b5
15. Nc3 Rd8 16. g4 bxc4 17. h4 Qe7 18. g5 Kh7 19. gxh6 gxh6 20. Ng5+ Kh8 21.
Nxf7+ Qxf7 22. Qxh6+ Qh7 23. Qf6+ 1-0

[Event "Box Hill FIDE"]
[Site "Melbourne"]
[Date "2007.04.24"]
[Round "2"]
[White "Chmiel, Rad"]
[Black "Escribano, Jose"]
[Result "0-1"]
[WhiteElo "1703"]
[BlackElo "1859"]
[PlyCount "94"]
[EventDate "2007.04.??"]
[EventType "tourn"]
[SourceDate "2007.04.29"]

1. Nf3 c5 2. c4 Nc6 3. d4 cxd4 4. Nxd4 Nf6 5. g3 g6 6. Bg2 Nxd4 7. Qxd4 Bg7 8.
Nc3 O-O 9. O-O d6 10. Qd3 Rb8 11. Bd2 Bd7 12. c5 dxc5 13. Bf4 c4 14. Qe3 Ng4
15. Qxa7 e5 16. Bc1 Be6 17. h3 Nh6 18. Rd1 Qc8 19. Bxh6 Bxh6 20. Kh2 f5 21. Bd5
f4 22. Qb6 fxg3+ 23. fxg3 Bxd5 24. Nxd5 Qd8 25. Qe6+ Kh8 26. Qxe5+ Bg7 27. Qe3
Qa5 28. Nf4 Rbe8 29. Qd2 Qb6 30. Rf1 Qxb2 31. Qxb2 Bxb2 32. Rab1 c3 33. Rfe1
Ra8 34. Nd3 Rxa2 35. Nxb2 c2 36. Rbc1 Rxb2 37. Kg2 b5 38. e4 b4 39. e5 Re8 40.
Kf3 Rb3+ 41. Ke4 Rc3 42. Kd4 Rd8+ 43. Ke4 b3 44. e6 b2 45. e7 Re8 46. Kd4 Rc7
47. Rf1 Kg7 0-1

[Event "Box Hill FIDE"]
[Site "Melbourne"]
[Date "2007.05.01"]
[Round "3"]
[White "Lawson, Shane"]
[Black "Tionko, Efrain"]
[Result "1/2-1/2"]
[WhiteElo "1678"]
[BlackElo "1587"]
[PlyCount "102"]
[EventDate "2007.04.??"]
[EventType "tourn"]
[SourceDate "2007.04.29"]

1. e4 c5 2. Nc3 g6 3. Nge2 Bg7 4. g3 Nc6 5. Bg2 d6 6. d3 Nf6 7. Be3 Bd7 8. O-O
Qc8 9. Nf4 e5 10. Nfd5 Nxd5 11. Nxd5 Ne7 12. c4 Nxd5 13. exd5 Bh3 14. f4 O-O
15. fxe5 Bxe5 16. Qd2 h5 17. Bh6 Re8 18. Bg5 Qg4 19. Bxh3 Qxh3 20. Bf4 Qg4 21.
Bxe5 Rxe5 22. Rae1 Rae8 23. Rxe5 Rxe5 24. Rf2 h4 25. Kg2 hxg3 26. hxg3 Rh5 27.
Rf4 Qh3+ 28. Kf3 Qh1+ 29. Qg2 Qd1+ 30. Ke3 Re5+ 31. Re4 Rxe4+ 32. Qxe4 Qc1+ 33.
Kf3 Qxb2 34. Qe7 Qd4 35. Qxd6 Qxd3+ 36. Kg2 Qxc4 37. Qb8+ Kg7 38. Qxb7 Qxa2+
39. Kh3 Qd2 40. Qc6 a5 41. Qxc5 a4 42. d6 Qd3 43. Qe5+ Kh7 44. Qf4 a3 45. Qxf7+
Kh6 46. d7 a2 47. Qf8+ Kh7 48. Qe7+ Kh6 49. Qf8+ Kh7 50. Qf7+ Kh6 51. Qf8+ Kh7
1/2-1/2

[Event "Box Hill FIDE"]
[Site "Melbourne"]
[Date "2007.05.01"]
[Round "3"]
[White "Beattie, Roger"]
[Black "Chmiel, Rad"]
[Result "0-1"]
[WhiteElo "1876"]
[BlackElo "1703"]
[PlyCount "80"]
[EventDate "2007.04.??"]
[EventType "tourn"]
[SourceDate "2007.04.29"]

1. d4 d6 2. Nf3 Nf6 3. Nbd2 g6 4. e4 c6 5. Bd3 Bg7 6. O-O O-O 7. Re1 b5 8. a4
bxa4 9. c3 Bb7 10. Qxa4 Qc7 11. Nc4 Nbd7 12. Na5 Nb6 13. Qb3 Bc8 14. c4 Rb8 15.
Qc2 c5 16. d5 Bd7 17. Bd2 Ng4 18. Bc3 f6 19. Nc6 Bxc6 20. dxc6 e6 21. b4 cxb4
22. Bxb4 Rf7 23. Nd4 d5 24. f4 Qxf4 25. g3 Qe5 26. Nb5 dxc4 27. c7 Rc8 28. Bxc4
Bf8 29. Bxf8 Kxf8 30. Qa2 Qc5+ 31. Kh1 Nxc4 32. Rac1 Qxb5 33. Rxc4 Rcxc7 34.
Rxc7 Rxc7 35. Qxe6 Nf2+ 36. Kg1 Nd3 37. Qxf6+ Rf7 38. Qd8+ Kg7 39. Qd4+ Kg8 40.
Qd8+ Rf8 0-1

[Event "Box Hill FIDE"]
[Site "Melbourne"]
[Date "2007.05.01"]
[Round "3"]
[White "Akverdi, Alp"]
[Black "Fitzpatrick, Andrew"]
[Result "0-1"]
[WhiteElo "1304"]
[BlackElo "2052"]
[PlyCount "56"]
[EventDate "2007.04.??"]
[EventType "tourn"]
[SourceDate "2007.04.29"]

1. e4 c5 2. Nf3 Nc6 3. d4 cxd4 4. Nxd4 Nf6 5. Nc3 e5 6. Nxc6 bxc6 7. Bg5 Bb4 8.
Bd2 Bxc3 9. Bxc3 Nxe4 10. Qf3 Nxc3 11. Qxc3 O-O 12. O-O-O Qc7 13. Qd3 d5 14.
Qg3 Be6 15. Re1 Qa5 16. Qxe5 Qxa2 17. Bd3 c5 18. Bf5 Bxf5 19. Qxf5 Qa1+ 20. Kd2
Qxb2 21. Rb1 Qd4+ 22. Kc1 Rab8 23. c3 Qxc3+ 24. Qc2 Rxb1+ 25. Kxb1 Rb8+ 26. Kc1
Qa3+ 27. Kd2 Rb2 28. Rc1 c4 0-1

[Event "Box Hill FIDE"]
[Site "Melbourne"]
[Date "2007.05.01"]
[Round "3"]
[White "Escribano, Jose"]
[Black "Ivanov, Nikola"]
[Result "1-0"]
[WhiteElo "1859"]
[BlackElo "1510"]
[PlyCount "40"]
[EventDate "2007.04.??"]
[EventType "tourn"]
[SourceDate "2007.04.29"]

1. e4 c5 2. Nc3 Nc6 3. f4 d6 4. Nf3 Bg4 5. Bc4 e6 6. Qe2 a6 7. Qf2 Be7 8. O-O
Bxf3 9. Qxf3 Nd4 10. Qg3 g6 11. f5 gxf5 12. exf5 Nxf5 13. Rxf5 exf5 14. Qg7 Nf6
15. Qxh8+ Kd7 16. Qxd8+ Rxd8 17. d3 Ke8 18. Nd5 Nxd5 19. Bxd5 b6 20. Bh6 Bf8
1-0

[Event "Box Hill FIDE"]
[Site "Melbourne"]
[Date "2007.05.01"]
[Round "3"]
[White "Bekker, Gary"]
[Black "Stewart, Scott"]
[Result "1-0"]
[WhiteElo "1904"]
[BlackElo "1912"]
[PlyCount "43"]
[EventDate "2007.04.??"]
[EventType "tourn"]
[SourceDate "2007.04.29"]

1. d4 f5 2. Nf3 g6 3. c4 Nf6 4. Nc3 Bg7 5. e3 O-O 6. Be2 d6 7. O-O Qe8 8. b4 c6
9. a4 e5 10. Ba3 Kh8 11. b5 exd4 12. exd4 Ne4 13. Rc1 Nxc3 14. Rxc3 c5 15. Re3
Qf7 16. dxc5 Rd8 17. cxd6 b6 18. Re7 Qf6 19. Qd5 Bd7 20. Ne5 Be8 21. Qxa8 Nc6
22. Rxe8+ 1-0

[Event "Box Hill FIDE"]
[Site "Melbourne"]
[Date "2007.05.15"]
[Round "4"]
[White "Fitzpatrick, Andrew"]
[Black "Lawson, Shane"]
[Result "1-0"]
[WhiteElo "2052"]
[BlackElo "1678"]
[PlyCount "45"]
[EventDate "2007.04.??"]
[EventType "tourn"]
[SourceDate "2007.04.29"]

1. e4 d5 2. d4 dxe4 3. Nc3 Nf6 4. Bg5 Nbd7 5. f3 exf3 6. Nxf3 c6 7. Bc4 Qa5 8.
O-O Nb6 9. Bb3 Nbd5 10. Ne5 Be6 11. Qe1 Qb6 12. Rd1 h6 13. Bh4 O-O-O 14. Na4
Qc7 15. Bg3 Nh5 16. Nxf7 Nxg3 17. Qxe6+ Kb8 18. hxg3 g5 19. Nxd8 Qxd8 20. Qe5+
Ka8 21. Qxh8 Nf6 22. Nc5 Qe8 23. Ne6 1-0

[Event "Box Hill FIDE"]
[Site "Melbourne"]
[Date "2007.05.15"]
[Round "4"]
[White "Chmiel, Rad"]
[Black "Bekker, Gary"]
[Result "1/2-1/2"]
[WhiteElo "1703"]
[BlackElo "1904"]
[PlyCount "41"]
[EventDate "2007.04.??"]
[EventType "tourn"]
[SourceDate "2007.04.29"]

1. Nf3 d6 2. d4 f5 3. c4 Nf6 4. Nc3 g6 5. g3 Bg7 6. Bg2 O-O 7. O-O Nbd7 8. Bf4
c6 9. Rc1 Nh5 10. Bg5 h6 11. Be3 e5 12. dxe5 dxe5 13. Rc2 Qc7 14. b4 Ndf6 15.
a4 Be6 16. Nd5 Nxd5 17. cxd5 Rfd8 18. Qc1 Bxd5 19. Bxh6 Bb3 20. Bxg7 Qxg7 21.
Rc5 1/2-1/2

[Event "Box Hill FIDE"]
[Site "Melbourne"]
[Date "2007.05.15"]
[Round "4"]
[White "Stewart, Scott"]
[Black "Akverdi, Alp"]
[Result "1-0"]
[WhiteElo "1912"]
[BlackElo "1304"]
[PlyCount "89"]
[EventDate "2007.04.??"]
[EventType "tourn"]
[SourceDate "2007.04.29"]

1. e4 e5 2. Bc4 d6 3. Nf3 Bg4 4. d3 Bxf3 5. Qxf3 Qf6 6. Qe2 Ne7 7. O-O Nbc6 8.
f4 Nd4 9. Qd1 O-O-O 10. c3 Ndc6 11. fxe5 Qxe5 12. Qg4+ Kb8 13. Rxf7 Qc5+ 14.
Rf2 Ne5 15. Qe2 Nxc4 16. dxc4 Ng6 17. Be3 Qc6 18. b4 b6 19. Nd2 Ne5 20. a4 Be7
21. Rff1 Rdf8 22. Rfb1 Nd7 23. a5 Bd8 24. axb6 cxb6 25. Nf3 Bf6 26. Ra3 Kb7 27.
Rba1 Qxe4 28. Rxa7+ Kc8 29. Rc7+ Kd8 30. Raa7 Rf7 31. Nd2 Qe6 32. Qf3 d5 33.
cxd5 Qd6 34. Nc4 Qxc7 35. Rxc7 Kxc7 36. d6+ Kb8 37. Qd5 Rhf8 38. h3 Bxc3 39.
Nxb6 Rf1+ 40. Kh2 Be5+ 41. g3 Nxb6 42. Bxb6 R1f5 43. Qc6 Bxg3+ 44. Kxg3 Rg5+
45. Kh2 1-0

[Event "Box Hill FIDE"]
[Site "Melbourne"]
[Date "2007.05.15"]
[Round "4"]
[White "Ivanov, Nikola"]
[Black "Tionko, Efrain"]
[Result "1/2-1/2"]
[WhiteElo "1510"]
[BlackElo "1587"]
[PlyCount "127"]
[EventDate "2007.04.??"]
[EventType "tourn"]
[SourceDate "2007.04.29"]

1. c4 Nf6 2. Nc3 e6 3. d4 c5 4. e3 cxd4 5. exd4 Nc6 6. Nf3 d5 7. Bg5 dxc4 8.
Bxc4 h6 9. Bxf6 gxf6 10. d5 Ne5 11. Nxe5 fxe5 12. dxe6 Qxd1+ 13. Rxd1 Bxe6 14.
Bxe6 fxe6 15. O-O Bc5 16. Rfe1 Bd4 17. Re2 a6 18. Kf1 Rf8 19. Ne4 Ke7 20. g3
Rac8 21. b3 Rc6 22. Kg2 b6 23. h3 b5 24. g4 Rcc8 25. Kg3 Rf7 26. Rdd2 Rcf8 27.
Rd3 h5 28. g5 Rf4 29. h4 Rg4+ 30. Kh3 Rff4 31. Nf6 Rxh4+ 32. Kg3 Kf7 33. Rf3
Rxf3+ 34. Kxf3 Rf4+ 35. Kg3 Kg6 36. Ne4 Bb6 37. f3 Bd8 38. Nc5 Bxg5 39. Rxe5
Rf5 40. Rxe6+ Kf7 41. Rc6 a5 42. Ne4 Be7 43. Ra6 b4 44. Nd2 h4+ 45. Kg2 Rh5 46.
Nc4 h3+ 47. Kh1 Bd8 48. Nd6+ Ke7 49. Ne4 Bc7 50. Rc6 Kd7 51. Rg6 Rf5 52. Rf6
Rxf6 53. Nxf6+ Ke6 54. Ne4 Kf5 55. Nf2 h2 56. Ng4 Kf4 57. Nxh2 Ke3 58. Nf1+
Kxf3 59. Nd2+ Ke2 60. Nc4 Kd3 61. Kg1 Kc3 62. Kf1 a4 63. Ne3 axb3 64. axb3
1/2-1/2

[Event "Box Hill FIDE"]
[Site "Melbourne"]
[Date "2007.05.22"]
[Round "5"]
[White "Lawson, Shane"]
[Black "Stewart, Scott"]
[Result "1-0"]
[WhiteElo "1678"]
[BlackElo "1912"]
[PlyCount "95"]
[EventDate "2007.04.??"]
[EventType "tourn"]
[SourceDate "2007.04.29"]

1. e4 c5 2. Nc3 Nc6 3. Nge2 e6 4. g3 Nf6 5. Bg2 d5 6. exd5 exd5 7. d4 cxd4 8.
Nxd4 Bc5 9. Nxc6 bxc6 10. O-O O-O 11. Bg5 h6 12. Bd2 Re8 13. Na4 Bf8 14. Re1
Be6 15. Be3 Qd7 16. Nc5 Qc7 17. Nxe6 Rxe6 18. Bh3 Ree8 19. Qd4 Re4 20. Qd2 Rb4
21. c3 Ne4 22. Qc2 Rb7 23. Bg2 Rab8 24. b4 a5 25. Bf4 Nd6 26. a3 axb4 27. cxb4
Rd8 28. Rac1 Rc8 29. Bh3 Ra8 30. Qxc6 Qxc6 31. Rxc6 Nc4 32. Rxc4 dxc4 33. Bg2
Rba7 34. Bxa8 Rxa8 35. Bc1 Rd8 36. Kf1 f5 37. Ke2 Kf7 38. Rd1 Rxd1 39. Kxd1 Ke6
40. h4 Kd5 41. Kc2 Be7 42. Be3 Bf6 43. a4 Kc6 44. b5+ Kb7 45. Bc5 g5 46. h5 g4
47. Be3 Bg7 48. a5 1-0

[Event "Box Hill FIDE"]
[Site "Melbourne"]
[Date "2007.05.22"]
[Round "5"]
[White "Tionko, Efrain"]
[Black "Fitzpatrick, Andrew"]
[Result "1/2-1/2"]
[WhiteElo "1587"]
[BlackElo "2052"]
[PlyCount "100"]
[EventDate "2007.04.??"]
[EventType "tourn"]
[SourceDate "2007.04.29"]

1. e4 c5 2. Nc3 Nc6 3. Bb5 e5 4. Nf3 d6 5. Bxc6+ bxc6 6. h3 g6 7. d3 Bg7 8. O-O
Ne7 9. Be3 O-O 10. Ne2 f5 11. Ne1 f4 12. Bd2 g5 13. Nf3 g4 14. hxg4 Bxg4 15.
Nh2 Bh5 16. g4 fxg3 17. fxg3 Qd7 18. Qe1 Qh3 19. g4 Bxg4 20. Qg3 Be6 21. Qxh3
Bxh3 22. Rf2 Rxf2 23. Kxf2 Rf8+ 24. Kg3 Be6 25. c4 Rf6 26. Rf1 Rg6+ 27. Kf2 Bh6
28. Bxh6 Rxh6 29. Nf3 Rf6 30. Ke3 Bg4 31. Ng3 h5 32. Nh4 Rxf1 33. Nxf1 Kg7 34.
Nh2 Kf6 35. Nxg4+ hxg4 36. Kf2 Kg5 37. Kg3 a5 38. b3 Kh5 39. Ng2 Ng6 40. Ne3
Nf4 41. Nxg4 Nxd3 42. Nf6+ Kg5 43. Ne8 d5 44. cxd5 cxd5 45. exd5 Kf5 46. Nc7 e4
47. d6 Ne5 48. Na6 Nd7 49. Nc7 Ke5 50. Nb5 Nf6 1/2-1/2

[Event "Box Hill FIDE"]
[Site "Melbourne"]
[Date "2007.05.22"]
[Round "5"]
[White "Bekker, Gary"]
[Black "Escribano, Jose"]
[Result "1/2-1/2"]
[WhiteElo "1904"]
[BlackElo "1859"]
[PlyCount "42"]
[EventDate "2007.04.??"]
[EventType "tourn"]
[SourceDate "2007.04.29"]

1. e4 c5 2. Nf3 d6 3. d4 cxd4 4. Nxd4 Nf6 5. Nc3 g6 6. Be3 Bg7 7. f3 Nc6 8. Qd2
Bd7 9. Bc4 O-O 10. O-O-O Ne5 11. Bb3 Qa5 12. h4 Rfc8 13. Kb1 b5 14. h5 Nc4 15.
Bxc4 bxc4 16. hxg6 fxg6 17. g4 Rab8 18. Qe1 Rb7 19. Nd5 Qa3 20. Bc1 Rcb8 21.
Qc3 Qxc3 1/2-1/2

[Event "Box Hill FIDE"]
[Site "Melbourne"]
[Date "2007.05.22"]
[Round "5"]
[White "Akverdi, Alp"]
[Black "Chmiel, Rad"]
[Result "1/2-1/2"]
[WhiteElo "1304"]
[BlackElo "1703"]
[PlyCount "120"]
[EventDate "2007.04.??"]
[EventType "tourn"]
[SourceDate "2007.04.29"]

1. e4 c5 2. Nf3 e6 3. d4 cxd4 4. Nxd4 a6 5. g3 Qc7 6. Bg2 Nc6 7. Nxc6 dxc6 8.
O-O e5 9. a3 Nf6 10. Nc3 Be7 11. Bg5 O-O 12. Bxf6 Bxf6 13. Qh5 g6 14. Qf3 Bg7
15. Qe3 b5 16. Qc5 Ra7 17. Rad1 Be6 18. b3 Rc8 19. b4 Bf8 20. Qe3 a5 21. Rb1
axb4 22. axb4 Ra3 23. Nxb5 Rxe3 24. Nxc7 Rc3 25. Nxe6 fxe6 26. Rb2 Rd8 27. Bh3
Kf7 28. Bg4 Rd4 29. f4 Rxe4 30. fxe5+ Ke7 31. Bh3 Rxe5 32. Ra2 Bh6 33. Ra7+ Kd6
34. Rd1+ Rd5 35. Rxd5+ exd5 36. Ra2 Be3+ 37. Kh1 Ke5 38. Bf1 Kd4 39. b5 cxb5
40. Bxb5 Rc7 41. Ra4+ Kc3 42. Bd3 Rf7 43. Ra3+ Kd2 44. Ra2 Rf2 45. Ra5 d4 46.
Ra8 Rf7 47. Ra2 g5 48. Bc4 Rc7 49. Bd3 Rb7 50. Ra1 h6 51. Be4 Rb6 52. Bd3 Rb2
53. Kg2 Rb6 54. Kf3 h5 55. Kg2 g4 56. h3 Rf6 57. hxg4 hxg4 58. Rf1 Rxf1 59.
Kxf1 Bg5 60. Kg2 Be3 1/2-1/2